00823pam a2200241 i 45000010008000000030006000080050017000140080041000310100017000720200024000890400018001130420009001310500017001400820016001571000025001732450117001982600047003153000030003624900020003925200106004126000036005186000027005543665080GBCCL20241126110543.0770308s1977 moua j 000 1 eng  a 77003550  a0570036127 :c$1.95 aDLCcDLCdDLC alcac00aPZ7.R164bRe00a813.54bRAN1 aRanger, Mary,d1934-10aRebellious Rebecca :ba tax collector's daughter finds her life changing after Christ's visit /cby Mary Ranger. aSt. Louis :bConcordia Pub. House,cc1977. a[56] p. :bill. ;c23 cm.0 aStarlight books aThe life of a notorious bully drastically changes after she and her family become followers of Jesus.00aJesus ChristxJuvenile fiction.01aJesus ChristxFiction.